Desde el mirador / (Record no. 196592)

MARC details
000 -LEADER
campo de control de longitud fija 01468nam a2200409 i 4500
001 - NÚMERO DE CONTROL
campo de control 196592
003 - IDENTIFICADOR DE NÚMERO DE CONTROL
campo de control ES-MaACL
005 - FECHA Y HORA DE LA ÚLTIMA TRANSACCIÓN
campo de control 20251009201248.0
007 - CAMPO FIJO DE DESCRIPCIÓN FÍSICA--INFORMACIÓN GENERAL
campo de control de longitud fija ta
008 - DATOS DE LONGITUD FIJA--INFORMACIÓN GENERAL
campo de control de longitud fija 24100 s1990 it | |||| 000 0 spa
035 ## - NÚMERO DE CONTROL DEL SISTEMA
Número de control de sistema (OCoLC)733833657
035 ## - NÚMERO DE CONTROL DEL SISTEMA
Número de control de sistema (SpMaBN)a4654981
035 ## - NÚMERO DE CONTROL DEL SISTEMA
Número de control de sistema 991019260259708606
040 ## - FUENTE DE CATALOGACIÓN
Centro catalogador/agencia de origen SpMaBN
Lengua de catalogación spa
Centro/agencia transcriptor SpMaBN
Normas de descripción rdc
Centro/agencia modificador ES-MaACL
080 ## - NÚMERO DE LA CLASIFICACIÓN DECIMAL UNIVERSAL
Número de la Clasificación Decimal Universal 005.745
080 ## - NÚMERO DE LA CLASIFICACIÓN DECIMAL UNIVERSAL
Número de la Clasificación Decimal Universal (062.552)
245 10 - MENCIÓN DEL TÍTULO
Título Desde el mirador /
Mención de responsabilidad, etc. edición, Pablo Luis Ávila
246 ## - FORMA VARIANTE DEL TITULO
Título propio/Titulo breve Convegno Internazionale Antonio Machado
260 ## - PUBLICACIÓN, DISTRIBUCIÓN, ETC.
Lugar de publicación, distribución, etc. [Torino :
Nombre del editor, distribuidor, etc. Università di Torino, Facoltà di Magistero],
Fecha de publicación, distribución, etc. 1990.
300 ## - DESCRIPCIÓN FÍSICA
Extensión [32] p.;
Otras características físicas il. n. ;
Dimensiones 24 cm
336 ## - TIPO DE CONTENIDO
Término de tipo de contenido Texto (visual)
Fuente rdacontent
337 ## - TIPO DE MEDIO
Nombre/término del tipo de medio sin mediación
Fuente rdamedia
338 ## - TIPO DE SOPORTE
Fuente rdacarrier
Nombre/término del tipo de soporte volumen
546 ## - NOTA DE IDIOMA
Nota de lengua/lenguaje Texto en español e italiano
594 ## - NOTA AL TITULO Y MENCION DE RESPONSABILIDAD
Nota al título y mención de responsabilidad En el lomo: notiziario dell'Anno Machadiano 1-2
600 #0 - PUNTO DE ACCESO ADICIONAL DE MATERIA--NOMBRE DE PERSONA
Nombre de persona Machado, Antonio,
Fechas asociadas al nombre 1875-1939-
Subdivisión de forma Congresos y asambleas
9 (RLIN) 239094
650 #4 - PUNTO DE ACCESO ADICIONAL DE MATERIA--TÉRMINO DE MATERIA
9 (RLIN) 16177
Término de materia o nombre geográfico como elemento de entrada Poesía española-
Subdivisión cronológica S.XX
655 #7 - TERMINO DE INDIZACIÓN--GENERO/FORMA
Fuente del término tgfbne
9 (RLIN) 226850
Datos o término principal de género/forma Homenajes
700 1# - ENTRADA AGREGADA--NOMBRE PERSONAL
Nombre de persona Ávila, Pablo Luis,
Fechas asociadas al nombre 1932-
9 (RLIN) 143824
Término indicativo de función/relación Editor
852 ## - LOCALIZACIÓN
Ubicación ES-MaACL
Ubicación en estantería Depósito folletos
Número de control de estantería FOLL-BUE-55
Donativo/Legado Legado: Antonio Buero Vallejo
itemnumber 204311
903 ## - NOMBRE PERSONAL DE DONANTE
9 32421
a Buero Vallejo, Antonio,
q 1
d 1916-2000
e Donante
942 ## - ELEMENTOS DE ENTRADA SECUNDARIOS (KOHA)
Suprimir en OPAC No
Tipo de ítem Koha Folleto
Holdings
Estatus retirado Estado de pérdida Fuente del sistema de clasificación o colocación Estado de daño No para préstamo Colección Biblioteca de origen Biblioteca actual Ubicación en estantería Fecha de adquisición Fuente de adquisición Total de préstamos Signatura topográfica completa Código de barras Visto por última vez Precio de reemplazo Tipo de ítem Koha
    Clasificación decimal universal     Colección de folletos Biblioteca del Ateneo de Madrid Biblioteca del Ateneo de Madrid Depósito folletos 07/10/2024 Legado   FOLL-BUE-55 101229134 07/10/2024 07/10/2024 Folleto